Statistics for Biggest Urban Areas in Belgium

Click here to take the quiz!

General Stats

  • This quiz has been taken 31 times
  • The average score is 13 of 24

Answer Stats

HintAnswer% Correct
968,292Antwerp
100%
1,940,270Brussels
100%
425,182Ghent
92%
357,460Charleroi
88%
544,073Liège
88%
121,026Bruges
79%
113,876Ostend
79%
79,462Genk
75%
124,385Mechelen
71%
165,710Leuven
67%
103,386Namur
63%
208,172Mons
58%
169,264Hasselt
54%
127,456Aalst
50%
214,665Kortrijk
50%
142,165La Louvière
33%
109,483Sint-Niklaas
29%
53,246Tournai
29%
57,055Turnhout
29%
78,070Verviers
25%
106,457Roeselare
21%
92,796Ninove-Denderleeuw
13%
57,664Mouscron
8%
55,952Sambreville-Fleurus
0%

Score Distribution

Percentile by Number Answered

Percent of People with Each Score

Your Score History

You have not taken this quiz